000 00658nam a22002177a 4500
005 20250131122627.0
008 250131b |||||||| |||| 00| 0 eng d
020 _a978-1-78607-227-6 (pbk)
037 _cTB
040 _aAL
_cAL
041 _2eng
_aeng
084 _aQ7:21 Q7
_qAL
100 _aLawson, Todd
_9734914
245 _aQuran:
_bEpic and apocalypse
260 _aLondon, UK:
_bOneworld Academic,
_c2017
300 _axxvi, 240p.
365 _b20.00
_cUKP
650 _aReligion
_9734915
942 _2CC
_cTB
_hQ7:21 Q7
_n0
999 _c1238328
_d1238328